000 00297nam a22001337a 4500
008 181016b xxu||||| |||| 00| 0 eng d
020 _a081548012809
041 _aeng
080 _a617
100 _a5
101 _aKIR
245 _aMedical Surgical Care Plants
_cNancy.MH
942 _2udc
_cBK
999 _c49943
_d49943